| 000 | 00879nam a2200205 i 4500 | ||
|---|---|---|---|
| 001 | 29552 | ||
| 003 | ES-MaACL | ||
| 005 | 20230906154042.0 | ||
| 007 | t| | ||
| 008 | 030122s1864 sp ||||1| spa d | ||
| 100 | 1 |
_aBarreda, Dionisio. _925877 |
|
| 245 | 1 | 0 |
_aDiscurso inaugural que en la solemne apertura del curso académico de 1864 á 1865 leyó ante el claustro de la Universidad de Valladolid / _cDionisio Barreda. |
| 260 |
_aValladolid : _b[s.n.], _c1864. |
||
| 300 |
_a47, 100, 27 p. ; _c26 cm. |
||
| 500 | _aTema del discurso: Necesidad de proteger de la meteorología en atención a los beneficios que ha de reportar a la sociedad por la aplicación de sus principios. | ||
| 505 | 8 | _aContiene: Datos estadísticos del curso de 1862 a 1863 (100 p.) | |
| 650 | 0 | 4 |
_aMetereología. _915019 |
| 710 | 2 |
_aUniversidad de Valladolid. _97332 |
|
| 852 |
_aES-MaACL _jT-669-F-6 |
||
| 999 |
_c29552 _d29552 |
||